| 000 | 05086nam a22006497a 4500 | ||
|---|---|---|---|
| 001 | DVD-007648-656 | ||
| 005 | 2011082302532.0 | ||
| 007 | vd bvaizu | ||
| 008 | 080715s2007 ii 150 g mlhin | ||
| 010 | _aDVD-007648-656 | ||
| 024 |
_aDHIF1512S _b349.00 |
||
| 035 | _aDVD-007648-656 | ||
| 040 |
_aDLC _cDLC _dDLC _eamim |
||
| 082 | _aDVD GUMR | ||
| 245 | 0 | 0 |
_aGumrah / _cB.R. Films ; produced & directed by B.R. Chopra ; dialogue by Akhtar-Ul-Iman. |
| 246 | 1 |
_iParallel title on disc: _aGumarà„ha |
|
| 257 | _aIndia. | ||
| 260 |
_aNew Delhi : _bMoser Baer Entertainment, _c2010. |
||
| 300 |
_a1 videodisc of 1 (DVD) (ca. 150 min.) : _bsd., b&w ; _c4 3/4 in. _3viewing copy. |
||
| 440 |
_aB.R. Chopra six classic films _933361 |
||
| 500 | _aCopyright notice on disc: Shemaroo Entertainment. | ||
| 500 | _aOriginally released theatrically in India in 1963. | ||
| 500 | _aSummary taken from Internet Movie database WWW site, viewed on Mar. 20, 2009. | ||
| 500 | _aNot viewed. | ||
| 500 | _aSources used: videodisc container; disc label; cataloging record from OvOp field office. | ||
| 508 | _aEditing, Pran Mehra ; music, Ravi. | ||
| 511 | 1 | _aMala Sinha, Ashok Kumar, Sunil Dutt, Shashikala, Vandana, Nirupa Roy. | |
| 520 | _aMeena lives with her retired and widowed dad in picturesque Nainital. She has a sister, Kamla, married to a well-known Barrister, Ashok, and two children, Pappu and Dolly. When Kamla comes for a visit, she finds out that Meena is in love with Rajendra, a painter and singer, who she approves of him, and would like to get them married. Before that could happen she has an accident and passes away, leaving the care of her children to Meena. Subsequently, their father arranges Meena's marriage with Ashok, fearing ill-treatment by another woman as the step-mother. Meena marries Ashok and goes to live in his palatial house in Bombay. After a year when they return to Nainital, a visibly upset Rajendra gets in touch with Meena and they rekindle their romance. When Meena gets back to Bombay, Rajendra follows her and they continue to meet in secret. Things gets complicated when Meena finds out that Rajendra is married to a woman named Leela, who also wants to blackmail her in order to keep her mouth shut. Angry at this betrayal at the hands of her lover, Meena has two ways out - continue to pay Leela for the rest of her life - or kill herself | ||
| 538 | _aDVD players, multimedia systems & PC with MPEG card; version 2.0 players; MPEG; NTSC All Region | ||
| 541 | _3DVD | ||
| 546 | _aIn Hindi with English subtitles. | ||
| 586 | _aFilmfare Awards, 1964: best editor, Pran Mehra ; best playback singer, male, Mahendra Kapoor ; best supporting actress, Shashikala. | ||
| 650 | 0 |
_aLove _vDrama. _933362 |
|
| 650 | 0 |
_aBetrayal _vDrama. _933363 |
|
| 650 | 0 |
_aTriangles (Interpersonal relations) _vDrama. _933364 |
|
| 655 | 0 |
_aRomance films. _933377 |
|
| 655 | 0 |
_aFeature films. _933378 |
|
| 655 | 0 |
_aFiction films. _933379 |
|
| 700 | 1 |
_aChopra, B. R., _d1914-2008, _eproduction, _edirection. _933368 |
|
| 700 | 0 |
_aRavi _c(Composer), _emusic. _933369 |
|
| 700 | 1 |
_aSinha, Mala, _ecast. _933370 |
|
| 700 | 1 |
_aAshok Kumar, _d1911-2001, _ecast. _933371 |
|
| 700 | 1 |
_aDutt, Sunil, _ecast. _933372 |
|
| 700 | 1 |
_aRoy, Nirupa, _d1931- _ecast. _933373 |
|
| 710 | 2 |
_aMoser Baer Entertainment, _933374 |
|
| 942 |
_2ddc _cCF _hDVD _mGUMR |
||
| 999 |
_c55804 _d55804 |
||